Estado, dominación y relaciones de producción: un comentario sobre la teoría política de G.O' Donell /
Збережено в:
| Автор: | |
|---|---|
| Формат: | Текст |
| Предмети: | |
| Теги: |
Додати тег
Немає тегів, Будьте першим, хто поставить тег для цього запису!
|
MARC
| LEADER | 00000 a a2200000 04500 | ||
|---|---|---|---|
| 001 | 43635 | ||
| 003 | |||
| 040 | |||
| 100 | |a Cuellar, Oscar | ||
| 245 | |a Estado, dominación y relaciones de producción: |b un comentario sobre la teoría política de G.O' Donell / |c Oscar Cuellar | ||
| 650 | |a ESTADO | ||
| 650 | |a AMERICA LATINA | ||
| 650 | |a DEPENDENIA ECONOMICA | ||
| 650 | |a SOCIEDAD | ||
| 773 | |g volumen10, número28 (1981), páginas 135-155 | ||
| 999 | |c 21519 |d 21519 | ||
| 773 | 0 | |0 18875 |9 5346 |a Universidad de Costa Rica. |d San José, Costa Rica: Universidad de Costa Rica. Consejo Superior Universitario Centroamericano, 1972- |o 14627 |t Estudios Sociales Centroamericanos / |x 03039676 | |
